El derecho puro /

Bibliographic Details
Main Author: Picard, Edmond, 1836-1924 (Author)
Other Authors: Agurto Gonzáles, Carlos Antonio (Editor), Quequejana Mamani, Sonia Lidia (Editor), Choque Cuenca, Benigno (Editor), Serrano Jover, Alfredo, 1883-1936 (Translator)
Format: Electronic eBook
Language:Spanish
French
Published: Santiago, Chile : Ediciones Olejnik, [2022]
Series:Biblioteca de filosofía del derecho.
Subjects:
Online Access:Digitalia Hispánica

MARC

LEADER 00000nam a2200000Ii 4500
001 DIGOLEJNK1308
003 NyNyDIG
006 m o d
007 cr |||||||||||
008 251203s2022 cl a o 000 0 spa d
035 |a (OCoLC)1427225477 
040 |a DGITA  |b eng  |e rda  |e pn  |c DGITA 
020 |z 9789564071138 
041 1 |a spa  |h fre 
050 1 4 |a K339 ebook 
100 1 |a Picard, Edmond,  |d 1836-1924,  |e author. 
240 1 0 |a Droit pur.  |l Spanish  |s (Serrano Jover) 
245 1 3 |a El derecho puro /  |c Edmond Picard ; edición al cuidado de Carlos Antonio Agurto Gonzáles, Sonia Lidia Quequejana Mamani, Benigno Choque Cuenca ; traducción de Alfredo Serrano Jover. 
264 1 |a Santiago, Chile :  |b Ediciones Olejnik,  |c [2022] 
300 |a 1 online resource :  |b illustrations. 
336 |a text  |b txt  |2 rdacontent 
337 |a computer  |b c  |2 rdamedia 
338 |a online resource  |b cr  |2 rdacarrier 
347 |a text file  |2 rdaft 
347 |b PDF 
490 1 |a Biblioteca de filosofía del derecho 
588 0 |a Online resource; title from PDF title page (Digitalia, viewed December 3, 2025) 
650 0 |a Jurisprudence. 
650 0 |a Law  |x Philosophy. 
700 1 |a Agurto Gonzáles, Carlos Antonio,  |e editor. 
700 1 |a Quequejana Mamani, Sonia Lidia,  |e editor. 
700 1 |a Choque Cuenca, Benigno,  |e editor. 
700 1 |a Serrano Jover, Alfredo,  |d 1883-1936,  |e translator. 
700 1 |i Translation of:  |a Picard, Edmond,  |d 1836-1924.  |t Droit pur. 
791 2 |a Digitalia (Firm),  |e distributor. 
793 0 |g Digitalia eBook Collection:  |a Ediciones Olejnik 
776 0 8 |i Print version:  |a Picard, Edmond, 1836-1924.  |s Droit pur. Spanish (Serrano Jover).  |t Derecho puro.  |b Primera edición en Ediciones Olejnik.  |d Santiago, Chile : Ediciones Olejnik, 2022  |z 9789564071138 
830 0 |a Biblioteca de filosofía del derecho. 
856 4 0 |3 Digitalia Hispánica  |u https://www.digitaliapublishing.com/a/157817/ 
910 |a Premium collection: 2025